000 00597nam a22001817a 4500
008 160517b xxu||||| |||| 00| 0 eng d
020 _a0-07-28337-8
082 _22005
_aDC 658.84
_bC28i
100 _98489
_aCateora, Philip R.
245 _aInternational marketing/
_cPhilip R. Cateora and John L. Graham.
260 _aBoston:
_bMcGraw-Hill,
_cc2005.
300 _axxxiii, 697 pages:
_bcolor illustrations;
_c28 cm.
500 _aIncludes index.
650 0 _98491
_aExport marketing.
650 0 _98492
_aInternational business enterprises.
700 _98490
_aGraham, John L.
942 _2ddc
_cDC
999 _c2571
_d2571